Quizzes
Events
Quiz Creation
Community
Videos
Private Events
Remove Ads
Sign In
Join for FREE
Feedback
Dark Mode
Quiz Categories
Sports
Geography
Music
Movies
Television
Just For Fun
Miscellaneous
History
Literature
Language
Science
Gaming
Entertainment
Religion
Holiday
For Kids
Quiz Lab
Recent
Popular Today
Quiz Kudos Today
Editor Picks
Curator Picks
Quizzes by...
Day
Popularity
Type
Ratings
Length
Year
Community
Subscriptions
Recent Discussions
Orange Saloon
Badges
Playlists
Quests
Create
Leaderboards
Showdown
Live 5
Trivia Bingo
Activity
Puzzle Library
Sporcle Events
Private Events
Virtual Trivia
Globe League
Become a Host
Pub Owners
SporcleCon
Opinionation
Our Games
Videos
Blog
Mobile Apps
Partnerships
Remove Ads and Go Orange
Feedback
History
US Presidents
World Leaders
Politics
Nation
Discovery
War
Decade
Year
Century
Biography
Art
History
US Presidents
World Leaders
Politics
Nation
Discovery
War
Decade
Year
Century
Biography
Art
Random Quiz
Search Sporcle
×
Quiz Lab
Quiz Lab
History
City
Type in answers that appear in a list
Type in answers that appear in a list
Classic
Best Score? Go Orange.
Cities Where Congress Met Stats
Can you name the Cities Where Congress Met B4 Washington, D.C.?
By
ctcowboy
3m
14 Questions
382 Plays
382 Plays
382 Plays
Comments
Comments
Give Quiz Kudos
Give Quiz Kudos
-
- Ratings
hide this ad
Forced Order
Answers have to be entered in order
Answers have to be entered in order
Replay
Link that replays current quiz
Next Quiz
Link to next quiz in quiz playlist
You Got
0%
They Got
Avg Score
50%
Avg Friend Score
Upgrade to see
Score Distribution
Jump to the score distribution portion of the page
Score
0/14
Timer
03:00
0
Plays Today
Date of Session(s)
City, State
% Correct
May 10, 1775 to December 12, 1776
Philadelphia, Pennsylvania
94.2%
March 4, 1777 to September 18, 1777
Philadelphia, Pennsylvania
86.6%
July 2, 1778 to March 1, 1781
Philadelphia, Pennsylvania
81.4%
March 1, 1781 to June 21, 1783
Philadelphia, Pennsylvania
80.4%
September 5, 1774 to October 24, 1774
Philadelphia, Pennsylvania
78.5%
January 11, 1785 to Autumn 1788
New York City, New York
63.6%
March 4, 1789 to December 5, 1790
New York City, New York
62.6%
Date of Session(s)
City, State
% Correct
December 6, 1790 to May 14, 1800
Philadelphia, Pennsylvania
47.6%
December 20, 1776 to February 27, 1777
Baltimore, MD
33.2%
November 26, 1783 to August 19, 1784
Annapolis, Maryland
23.6%
September 30, 1777 to June 27, 1778
York, Pennsylvania
17.3%
June 30, 1783 to November 4, 1783
Princeton, New Jersey
15.2%
November 1, 1784 to December 24, 1784
Trenton, New Jersey
14.9%
September 27, 1777 (one day)
Lancaster, Pennsylvania
13.1%
Quiz Playlist
Details
Report
Send in Message
Add To Playlist
Classic:
Type in answers that appear in a list
Forced Order:
Answers have to be entered in order
Last Updated: Feb 16, 2017
Quiz Scoreboard
CHALLENGE
Sign Up to Join the Scoreboard
Show All
Scores
Hide
Comments
May contain spoilers
Recently Published
An Introduction to Baseball
by treessimontrees
Sports
5m
Movies - When Are They Set?
by FPL_Elf
Movies
5m
Popular People in 1961
by mucciniale
History
6m
More to Explore
Quiz From the Vault
Featured Blog Post
Where Did the Easter Bunny Come From?
hide this ad
You Might Also Like...
Tags
City Quiz
State Quiz
congress
date
met
session
Venue
Washington
Today's Top Quizzes in History
Browse History
hide this ad
Today's Top Quizzes in City
Browse City
Top Contributed Quizzes in History
1
Popular People in 1991
2
Popular People in 1981
3
Popular People in 1951
4
Popular People in 1941
5
Popular People in 1986
6
Popular People in 1976
7
Popular People in 1921
8
I Am Born On March 28th
9
Popular People in 1946
10
Popular People in 1936
Explore More
Trending Topics
Crossword
NBA
Disney
Marvel
Harry Potter
Kpop
Anime
WWE
NFL
Soccer
Puzzle
Country
Pokémon
Song
The Office
hide this ad
More By:
ctcowboy
Quiz
Plays
Rating
Category
Featured
Created
America's Team - Favorite NFL Team
1,239
2.83
Sports
Nov 13, 2009
2 Word Countries
880
3.91
Geography
Nov 7, 2009
America's Favorite Sports to Watch
497
2.00
Sports
Nov 13, 2009
America's Favorite Male Athletes
440
2.13
Sports
Nov 13, 2009
Cities Where Congress Met
382
4.00
History
Nov 11, 2009
Go to Creator's Profile
Score Distribution
Quiz Creator Spotlight
ctcowboy
Follow
Send a Message
Quizzes Created
-
Created Quiz Play Count
-
More By This Creator
Popular Quizzes Today
1
Find the Countries of Europe - No Outlines Minefield
2
Find the US States - No Outlines Minefield
3
The Countries of the World
4
Popular People in 1961
5
Find the US States
6
US States
7
1-10 Letter E Words III
8
Risky Map Clicking: Biggest States A-Z
More History Quizzes
I Am Born On January 29th
Quiz Lab
Trending Quizzes
Risky Map Clicking: Least Populous States A-Z
1-10 Letter F Words
1-10 Letter G Words
Not Quite an Element Typing Challenge
One Thing in Common: United Kingdom
Recently Updated
Leaping Animals
pecheneg
Reality TV Shows (A-Z)
bhenderson79
Rickey Henderson's Hall of Fame Teammates
pecheneg
Champions League XIs: Arsenal
pecheneg
Quick Pick: Celebrities in WWE's Hall of Fame
aduchscher
A-Z Keypad Blitz II
pecheneg
Multiple Oscar Actors
pecheneg
Mystery Phrase Blitz: Oscar 'Best Actors'
pecheneg
F. Scott Fitzgerald Novels
LTH
Pick 3 Villains
ddd62291
Trending Topics
Harry Potter
Anime
Crossword
Disney
NBA
Kpop
Marvel
The Office
Pokémon
WWE
Puzzle
NFL
Country
Soccer
Song
Your Account Isn't Verified!
In order to create a playlist on Sporcle, you need to verify the email address you used during registration. Go to your
Sporcle Settings
to finish the process.
Report this User
Report this user for behavior that violates our
Community Guidelines
.
Details:
Send Report
Go to the Sporcle.com Mobile Site →
Comments